| 000 | 00596nam a2200205Ia 4500 | ||
|---|---|---|---|
| 005 | 20250701164519.0 | ||
| 008 | 008 250505s9999 xx 000 0 eng d | ||
| 037 | _aTextual | ||
| 040 |
_aEASL _beng _cEASL |
||
| 041 |
_aeng _2eng |
||
| 084 |
_aY:356.4171.N0, K5 _qEASL |
||
| 100 |
_aLi-Ch'En Tun _9815106 |
||
| 245 | 0 | _aAnnual customs and festivals in peking | |
| 260 |
_aChina _bHong Kong Hong Kong University Press _c1965 |
||
| 300 | _a147p. | ||
| 365 | _b9.5 | ||
| 700 |
_aBodde Derk Tr. _9109626 |
||
| 942 |
_cTEXL _hY:356.4171.N0, K5 |
||
| 999 |
_c1433331 _d1433331 |
||